| 000 | 00617nam a2200181 i 4500 | ||
|---|---|---|---|
| 001 | 19663 | ||
| 003 | ES-MaACL | ||
| 005 | 20230906152137.0 | ||
| 007 | t| | ||
| 008 | 021007s1927 sp ||||1| spa d | ||
| 100 | 0 |
_aAbelló, José _918076 |
|
| 245 | 1 | 0 |
_aNuevo método de investigación histopatológica en la tuberculosis pulmonar _b: induración de esputos / _cJosé Abelló Pascual. |
| 260 |
_aMadrid : _b[s.n.], _c1927 ( _fJosé Molina) |
||
| 300 |
_a18 p. : _bgrab. ; _c25 cm. |
||
| 500 | _aBol. Técnico de la Dirección Gral. de Sanidad, II, nº 1. | ||
| 852 |
_aES-MaACL _j1711-F-7 |
||
| 999 |
_c19663 _d19663 |
||